LEADER 01829nam 2200409 450 001 9910136588403321 005 20230531224102.0 010 $a0-8311-9052-3 035 $a(CKB)3710000000894341 035 $a(MiAaPQ)EBC5194426 035 $a(EXLCZ)993710000000894341 100 $a20180418d2013 uy 0 101 0 $aeng 135 $aurcnu|||||||| 181 $ctxt$2rdacontent 182 $cc$2rdamedia 183 $acr$2rdacarrier 200 10$aCNC tips and techniques $ea reader for programmers /$fPeter Smid 210 1$aNew York :$cIndustrial Press,$d[2013] 210 4$dİ2013 215 $a1 online resource (xvi, 238 pages) 300 $aArticles that have been updated from versions that were originally published in "Shop Talk." 300 $aIncludes index. 311 $a0-8311-3472-0 311 $a0-8311-9051-5 330 $aThe author wrote dozens of columns for Shop Talk magazine that addressed the full gamut of CNC topics, such as tapping, threading and knurling; program length and memory needs; G-codes, M-functions, cycles, macros; and more. This book collects over 60 of these columns that have been unavailable since Shop Talk ceased publication. Each column has been reviewed since its initial publication and updated as needed to reflect ongoing changes in the field. They are presented here in chronological order according to when they first appeared. A table of contents organized by topic is also included. 606 $aMachine-tools$xNumerical control$xProgramming 615 0$aMachine-tools$xNumerical control$xProgramming. 676 $a621.9023 700 $aSmid$b Peter$0595126 801 0$bMiAaPQ 801 1$bMiAaPQ 801 2$bMiAaPQ 906 $aBOOK 912 $a9910136588403321 996 $aCNC tips and techniques$92790504 997 $aUNINA